| 000 | 00828nam a22001817a 4500 | ||
|---|---|---|---|
| 005 | 20240125152732.0 | ||
| 010 | _aHIN-121477-92 | ||
| 020 | _c100.00 | ||
| 035 | _aHN-93823-38 | ||
| 037 | _bDBAD/PUB | ||
| 082 | _a821 | ||
| 100 |
_aमिश्रा, देवेन्द्र कुमार _961346 |
||
| 245 |
_aयथार्थ/ _cदेवेन्द्र कुमार मिश्रा |
||
| 260 |
_aछिन्दवाडा _bश्री विष्णु प्रकाशन _c2011 |
||
| 270 |
_bछिन्दवाडा _aपाटनी कॉलोनी, भरत नगर, चन्दनगाँव छिन्दवाडा,म.प्र. _e480001 |
||
| 300 |
_a100 पृ _c20 सेमी (अजिल्द) |
||
| 942 |
_2ddc _cHN _mमिश्रादे _h821 |
||
| 999 |
_c183218 _d183218 |
||